Statistics for Pretty Girls All Lyrics

Click here to take the quiz!

General Stats

  • This quiz has been taken 3 times
  • The average score is 159 of 240

Answer Stats

HintAnswer% Correct
a
100%
Acts
67%
all
67%
All
67%
a.m.
67%
and
67%
another
67%
anyway
67%
be
67%
between
67%
blessing
67%
boyfriend
67%
boyfriend's
67%
can
67%
cause
67%
closer
67%
come
67%
couple
67%
curse
67%
cute
67%
drinks
67%
favorite
67%
flattered
67%
girl
67%
girls
67%
got
67%
hand
67%
happened
67%
have
67%
he
67%
his
67%
I
67%
i'd
67%
if
67%
i'm
67%
in
67%
ChorusIn
67%
it
67%
It's
67%
it's
67%
keep
67%
kiss
67%
like
67%
little
67%
mind
67%
morning
67%
my
67%
never
67%
now
67%
of
67%
Oh
67%
on
67%
one
67%
pathetic
67%
p.m.
67%
pretending
67%
pretty
67%
right
67%
say
67%
Say
67%
shit,
67%
shit
67%
So
67%
taste
67%
that
67%
That
67%
the
67%
They
67%
they
67%
thighs
67%
think
67%
to
67%
too
67%
tried
67%
wanna
67%
With
67%
world
67%
would
67%
wouldn't
67%
Yeah
67%
yeah
67%
Verse 1You
67%
you
67%
You'll
67%
your
67%
you're
67%
But
33%
by
33%
classic
33%
conversation's
33%
feels
33%
gonna
33%
inch
33%
jacket
33%
line
33%
me
33%
predict
33%
straight
33%
Tell
33%
Verse 2This
33%
this
33%
tight
33%
were
33%

Score Distribution

Percentile by Number Answered

Percent of People with Each Score

Your Score History

You have not taken this quiz